000 00539nam a22001577a 4500
999 _c1792
_d1792
008 200204b ||||| |||| 00| 0 eng d
082 0 0 _a669.1
_bU5813
110 _91407
_aUnited Steel Companies Ltd.
245 1 0 _aStandard methods of analysis of iron, steel and ferro -alloys : as used by the laboratories of the United Steel Companies Limited
_cby United Steel Companies Ltd
250 _a4th
260 _aSheffield
_bUnited Steel Companies Ltd
_c1951
300 _axv,169p.
365 _d12.01
650 0 _aSteel Analysis
942 _cBK